Countries Closest to X - One Minute Sprint - Statistics

General Stats
  • This quiz has been taken 117 times
  • The average score is 14 of 21
Answer Stats
country % Correct
Countries Closest to EGYPT
100%
Israel
90%
Sudan
88%
Libya
87%
Saudi Arabia
86%
Cyprus
78%
Syria
77%
Turkey
76%
Lebanon
73%
Greece
71%
Jordan
71%
Yemen
67%
Eritrea
63%
Iraq
63%
Chad
62%
Ethiopia
53%
Albania
42%
Bulgaria
35%
Macedonia
35%
Niger
27%
Palestine
24%
No matching quizzes found
Score Distribution
Percent of People with Each Score
Percentile by Number Answered
Your Score History
You have not taken this quiz